| 000 | 00514nam a22001937a 4500 | ||
|---|---|---|---|
| 003 | MPLRDC | ||
| 005 | 20220104143533.0 | ||
| 008 | 210129b ||||| |||| 00| 0 eng d | ||
| 020 | _a957-754-644-7 | ||
| 082 | _a397.5 KLAE | ||
| 100 | _aRENATE COLLIER | ||
| 245 |
_a净化肠道:让您健康,精神焕发 _c王朔译 |
||
| 250 | _a初版 | ||
| 260 |
_a _b小薰书房 _c2000 |
||
| 300 | _b平 | ||
| 490 | _a家庭百科. 06 | ||
| 650 | _a人体生理学--消化、代谢、排泄 | ||
| 942 |
_cBK _o397.5 KLAE |
||
| 999 |
_c40882 _d40872 |
||